000 00354 a2200157 4500
001 70811
020 _a857307356X
040 _cAnchieta - Itaigara
100 _aEcheverría, María del Puy
240 1 0 _aA solução de problemas
_lpor
245 1 0 _aA solução de problemas
300 _a177
362 0 _a1998
650 4 _aEducação
942 _cBK
999 _c70811
_d70811